000 00497nam a2200169 i 4500
001 86925
003 ES-MaACL
007 t|
008 041216s1969 sp ||||1| spa d
100 1 _aKolosimo, Peter.
_968530
245 1 0 _aTierra sin tiempo /
_cPeter Kolosimo ; [traducción de Domingo Pruna].
250 _a[1ª ed.].
260 _aBarcelona :
_bPlaza y Janés,
_c[1969]
300 _a298 p., 20 lám. ;
_c22 cm.
700 1 _aPruna, Domingo.
_994081
852 _aES-MaACL
_jC-8320
_bR.71666
999 _c86925
_d86925